१६४ दिशा : एप्रिल २०११ (Record no. 836662)

MARC details
000 -LEADER
fixed length control field 01274nam a22001937a 4500
003 - CONTROL NUMBER IDENTIFIER
control field OSt
005 - DATE AND TIME OF LATEST TRANSACTION
control field 20120303103525.0
008 - FIXED-LENGTH DATA ELEMENTS--GENERAL INFORMATION
fixed length control field 110520t xxu||||| |||| 00| 0 eng d
040 ## - CATALOGING SOURCE
Transcribing agency विद्या प्रसारक मंडळ, ठाणे
100 ## - MAIN ENTRY--PERSONAL NAME
Personal name बेडेकर, विजय वा.
245 ## - TITLE STATEMENT
Title १६४ दिशा : एप्रिल २०११
260 ## - PUBLICATION, DISTRIBUTION, ETC. (IMPRINT)
Place of publication, distribution, etc ठाणे
Name of publisher, distributor, etc विद्या प्रसारक मंडळ
Date of publication, distribution, etc २०११
300 ## - PHYSICAL DESCRIPTION
Extent ४५
520 ## - SUMMARY, ETC.
Summary, etc बेडेकर, विजय वा.; कर्णिक, प्रदीप; मठ, शं. बा.; जोशी, तनुजा; साने, यशवंत; पाठक, मोहन
600 ## - SUBJECT ADDED ENTRY--PERSONAL NAME
Personal name बेडेकर, विजय वा.; कर्णिक, प्रदीप; मठ, शं. बा.; जोशी, तनुजा; साने, यशवंत; पाठक, मोहन
9 (RLIN) 474
700 ## - ADDED ENTRY--PERSONAL NAME
Personal name बेडेकर, विजय वा.; कर्णिक, प्रदीप; मठ, शं. बा.; जोशी, तनुजा; साने, यशवंत; पाठक, मोहन
9 (RLIN) 475
856 ## - ELECTRONIC LOCATION AND ACCESS
Uniform Resource Identifier <a href="http://dspace.vpmthane.org:8080/jspui/bitstream/123456789/1546/1/164DishaApril2011.pdf">http://dspace.vpmthane.org:8080/jspui/bitstream/123456789/1546/1/164DishaApril2011.pdf</a>
942 ## - ADDED ENTRY ELEMENTS (KOHA)
Source of classification or shelving scheme Dewey Decimal Classification
Koha item type E-Journal
Holdings
Withdrawn status Lost status Source of classification or shelving scheme Damaged status Not for loan Home library Current library Date acquired Total Checkouts Barcode Date last seen Uniform Resource Identifier Price effective from Koha item type
    Dewey Decimal Classification     VPM Digital Repository VPM Digital Repository 05/20/2011   VPMDIGIJN164 05/20/2011 http://dspace.vpmthane.org:8080/jspui/bitstream/123456789/1546/1/164DishaApril2011.pdf 05/20/2011 E-Journal